|
|
|
|
| LEADER |
00950nab a2200229 i 4500 |
| 001 |
misc64472 |
| 005 |
20231012091716.0 |
| 008 |
230808s1978 hu o 0|| eng d |
| 040 |
|
|
|a SZTE Miscellanea Repozitórium
|b hun
|
| 041 |
|
|
|a eng
|
| 100 |
2 |
|
|a Róna-Tas András
|
| 245 |
1 |
0 |
|a Some recent publications on Chuvash
|h [elektronikus dokumentum] :
|b review /
|c Róna-Tas András
|
| 260 |
|
|
|c 1978
|
| 300 |
|
|
|a 349-362
|c 24 cm
|
| 300 |
|
|
|a [14] p.
|c 24 cm
|
| 490 |
0 |
|
|a Acta Orientalia Academiae Scientiarum Hungaricae;Acta Orientalia Academiae Scientiarum Hungaricae : a Magyar Tudományos Akadémia orientalisztikai közleményei
|
| 561 |
|
|
|a Németh Gyula hagyaték
|
| 591 |
|
|
|a NOA 5103; LOA 3231
|
| 650 |
|
4 |
|a Bölcsészettudományok
|
| 650 |
|
4 |
|a Nyelvek és irodalom
|
| 695 |
|
|
|a Csuvas nyelv - könyvismertetés, Csuvas nyelvtörténet - könyvismertetés
|
| 856 |
4 |
0 |
|u http://misc.bibl.u-szeged.hu/64472/1/5103_noa.pdf
|z Dokumentum-elérés
|